Personagens de Séries coreanas #1 - Statistics

Estatísticas Gerais
  • Esse quiz foi jogado 38 vezes
  • A pontuação média é 5 de 15
Estatísticas das Respostas
Personagem Série % Correto
Woo Young Woo Extraordinary Attorney Woo / Uma Advogada Extraordinária
74%
Shin Ha Ri Business Proposal / Pretendente Surpresa
68%
Ko Moon Young It's Okay to Not Be Okay / Tudo Bem Não Ser Normal
52%
Seong Gi Hun Round 6 / Squid Game
52%
Sung Deok Sun Reply 1988 / Answer Me 1988 / Responde 1988
48%
Na Hee Do Twenty-Five Twenty-One / Vinte-Cinco Vinte-Um
48%
Kim Shin Goblin / The Guardian
32%
Ryu Sun Jae Lovely Runner / Adorável Corredora
26%
Lee Cheong San All of Us Are Dead
23%
Park Sae Ro Yi Itaewon Class
19%
Ahn Min Hyeok Strong Woman Do Bong Soon / Mulher Forte Do Bong Soon
19%
Moon Dong Eun The Glory / A Lição
16%
Mr. Gu My Liberation Notes / Meu Diário Para Liberdade
6%
Lee Young Ok Our Blues / Amor e Outros Dramas
3%
Oh In Ju Little Woman / Três Irmãs
0%
Nenhum quiz correspondente encontrado
Distribuição das Pontuações
Porcentagem de Pessoas com Cada Pontuação
Percentil de Números Respondidos
Sua Pontuação Histórica
Você não jogou esse quiz